Labor Problems at Eastern Airlines.

Examines the labor-management dispute in connection with 1988 Eastern Airlines reorganization, and union, corporate, and congressional reactions. Also reviews similarities with the dispute at another Texas Air Corp. subsidiary, Continental Airlines.

Bibliographic Details
Corporate Authors: Library of Congress. Congressional Research Service, ProQuest (Firm)
Format: eBook
Language:English
Published: [Place of publication not identified] : [publisher not identified], 1988.
Series:U.S. Congressional Research.
Subjects:
Online Access:Connect to the full text of this electronic book

MARC

Tag First Indicator Second Indicator Subfields
LEADER 00000cam a22000001a 4500
001 in00003371421
006 m d f
007 cr bn mmmapmmp
008 100621s1988 dcu o f000 0 eng d
005 20260430211254.1
035 |a cis2007882147 
040 |a ProQuest  |c ProQuest  |d UtOrBLW 
043 |a n-us--- 
099 |a CRS-1988-ECN-0110 
110 2 |a Library of Congress.  |b Congressional Research Service. 
245 1 0 |a Labor Problems at Eastern Airlines. 
264 1 |a [Place of publication not identified] :  |b [publisher not identified],  |c 1988. 
300 |a 1 online resource. 
336 |a text  |b txt  |2 rdacontent 
337 |a computer  |b c  |2 rdamedia 
338 |a online resource  |b cr  |2 rdacarrier 
500 |a Record is based on bibliographic data in ProQuest U.S. Congressional Research Digital Collection (last viewed June 2010). Reuse except for individual research requires license from ProQuest, LLC. 
500 |a CRS Report. 
520 |a Examines the labor-management dispute in connection with 1988 Eastern Airlines reorganization, and union, corporate, and congressional reactions. Also reviews similarities with the dispute at another Texas Air Corp. subsidiary, Continental Airlines. 
500 |a Electronic resource. 
650 0 |a Bankruptcy. 
650 0 |a Business. 
650 0 |a Industrial concentration. 
655 7 |a Electronic books.  |2 local 
710 2 |a ProQuest (Firm) 
776 0 8 |i Microfiche version:   |a Library of Congress. Congressional Research Service.  |t Labor Problems at Eastern Airlines 
830 0 |a U.S. Congressional Research. 
856 4 0 |u http://proxy.library.tamu.edu/login?url=https://congressional.proquest.com/congcomp/getdoc?CRDC-ID=CRS-1988-ECN-0110  |z Connect to the full text of this electronic book  |t 0 
999 |a MARS 
999 f f |s 3f31dfaa-ac3b-3cae-abf1-d5dff8b4f70e  |i ba0f7e55-244e-35dd-940f-c26c16a9d680  |t 0 
952 f f |a Texas A&M University  |b College Station  |c Electronic Resources  |s www_evans  |d Available Online  |t 0  |e CRS-1988-ECN-0110  |h Other scheme 
998 f f |a CRS-1988-ECN-0110  |t 0  |l Available Online